|
|
|
|
| LEADER |
00968nam a22002417a 4500 |
| 001 |
44492 |
| 003 |
BD-DhAAL |
| 005 |
20250723174432.0 |
| 008 |
250722t bg ||||| |||| 00| 0 eng d |
| 020 |
|
|
|a 9789843379115
|
| 040 |
|
|
|a BD-DhAAL
|d BD-DhAAL
|
| 082 |
|
|
|a 891.44301
|2 22
|
| 100 |
|
|
|a Manzur, Munize,
|9 58806
|
| 245 |
|
|
|a Voices /
|c Munize Manzur.
|
| 250 |
|
|
|a First edition.
|
| 260 |
|
|
|a Dhaka :
|b Bengal Publications,
|c 2013.
|
| 300 |
|
|
|a 158 pages ;
|c 20 cm
|
| 541 |
|
|
|a Donated by Farhana Zahir (Assistant Professor, BBS)
|e 44492
|
| 650 |
|
|
|a Short stories, Bengali
|z Bangladesh.
|
| 650 |
|
|
|a Bengali literature.
|
| 942 |
|
|
|2 ddc
|c BK
|
| 999 |
|
|
|c 47333
|d 47333
|
| 952 |
|
|
|0 0
|1 0
|2 ddc
|4 0
|6 891_443010000000000_MAN
|7 0
|9 77880
|a BRACUL
|b BRACUL
|c GEN
|d 2025-07-22
|e Donated by Farhana Zahir (Assistant Professor, BBS.)
|g 400.00
|l 1
|o 891.44301 MAN
|p 3010044492
|r 2025-10-16
|s 2025-08-14
|t 1
|v 800.00
|w 2025-07-22
|y BK
|x Donated by Farhana Zahir (Assistant Professor BBS, BRAC University) ;
|